OWCS 2025 - Stage 1 Korea - Statistics

General Stats
  • This quiz has been taken 108 times
  • The average score is 34 of 56
Answer Stats
Team Role Answer % Correct
Crazy Raccoon DPS HeeSang
100%
Crazy Raccoon DPS LIP
100%
Crazy Raccoon Tank Junbin
99%
Crazy Raccoon Tank MAX
99%
Crazy Raccoon Support Shu
99%
ZETA DIVISION Support Viol2t
99%
ZETA DIVISION Tank BERNAR
95%
Crazy Raccoon Support CH0R0NG
95%
Team Falcons Tank Hanbin
95%
Team Falcons DPS Proper
95%
Team Falcons Support Fielder
94%
ZETA DIVISION Support FiNN
94%
ZETA DIVISION DPS Pelican
94%
Team Falcons DPS Stalk3r
94%
ZETA DIVISION DPS AlphaYi
93%
Team Falcons Support ChiYo
93%
Team Falcons Support SirMajed
91%
ZETA DIVISION DPS Flora
90%
T1 Tank D0NGHAK
87%
From The Gamer Tank HEESUNG
81%
T1 DPS Proud
80%
T1 DPS ZEST
77%
T1 DPS Viper
73%
WAY DPS WhoRU
70%
From The Gamer DPS Prophet
69%
T1 Support skewed
67%
T1 Support OPENER
66%
From The Gamer Support Vindaim
64%
WAY Tank PEPPI
53%
From The Gamer Support vigilante
52%
From The Gamer DPS SeonJun
51%
WAY DPS Ade
48%
WAY Support LeeSooMin
48%
WAY Tank Mealgaru
47%
New Era Support MCD
45%
VEC DPS Architect
44%
New Era DPS D0D0
43%
Poker Face DPS D4RT
43%
WAY Support MAKA
42%
VEC Tank FARMER
37%
Poker Face Tank Gur3um
36%
Poker Face DPS A1IEN
33%
VEC DPS M1NUT2
31%
Poker Face Support Misin
30%
New Era Tank RULER
29%
New Era DPS ARCHE
28%
Poker Face DPS SP1NT
28%
Poker Face Support D0nghun
26%
New Era Support search
24%
New Era Tank Fearful
23%
New Era Support KIVIS
23%
VEC Support Sp1nel
22%
VEC DPS F1nally
20%
Poker Face Tank HEISER
20%
VEC Support WoochaN
19%
VEC Support JINSUNG
16%
No matching quizzes found
Score Distribution
Percent of People with Each Score
Percentile by Number Answered
Your Score History
You have not taken this quiz